Analýza pracoviska pomocou modelu zostaveného časovanou Petriho sieťou : Diplomová práca

Guardado en:
Detalles Bibliográficos
Autor principal: Lančaričová, Eva (Autor)
Otros Autores: Važan, Pavel, 1962- (xxx)
Formato: Manuscrito Libro
Lenguaje:eslovaco
Publicado: Trnava : STU v Bratislave MtF KAIS, 1992
Materias:
Etiquetas: Agregar Etiqueta
Sin Etiquetas, Sea el primero en etiquetar este registro!

MARC

LEADER 00000ntm a22000003a 4500
001 stu60954
005 20160719155123.1
008 010803s1992----xo------------------slo-d
040 |a STU  |b slo 
041 0 |a slo 
044 |a xo 
100 1 |a Lančaričová, Eva  |4 aut 
245 1 |a Analýza pracoviska pomocou modelu zostaveného časovanou Petriho sieťou :  |b Diplomová práca 
260 |a Trnava :  |b STU v Bratislave MtF KAIS,  |c 1992 
300 |a 58 s  |c výťah 
650 7 |a Petriho siete  |2 stusub 
700 1 |a Važan, Pavel,  |d 1962-  |4 xxx  |u M6000  |U MTF Materiálovotechnologická fakulta  |T MTF Ústav aplikovanej informatiky, automatizácie a matematiky  |X 323  |U M6000  |Y 86  |7 A000000323 
996 |b 284M032952  |c M*DP-1429  |l MMSKP  |s P  |a 0  |w stu60954_0001